Statistics for Newest US National Parks

Click here to take the quiz!

General Stats

  • This quiz has been taken 22 times
    (4 since last reset)
  • The average score is 13 of 15

Answer Stats

StateDatePark% Correct
West VirginiaDec. 27 2020New River Gorge
100%
New MexicoDec. 20 2019White Sands
100%
IndianaFeb. 15, 2019Indiana Dunes
100%
MissouriFeb. 22, 2018Gateway Arch
100%
CaliforniaJan. 10, 2013Pinnacles
100%
ColoradoSep. 13, 2004Great Sand Dunes
100%
ColoradoOct. 21, 1999Black Canyon of the Gunnison
100%
CaliforniaOct. 31, 1994Joshua Tree
100%
ArizonaOct. 14, 1994Saguaro
100%
FloridaOct. 26, 1992Dry Tortugas
100%
(U.S. Territory)Oct. 31, 1988American Samoa
100%
South CarolinaNov. 10, 2003Congaree
67%
OhioOct. 11, 2000Cuyahoga Valley
67%
CaliforniaOct. 31, 1994Death Valley
67%
NevadaOct. 27, 1986Nevada
0%

Score Distribution

Percentile by Number Answered

Percent of People with Each Score

Your Score History

You have not taken this quiz since the last reset